00277nam a2200097Ia 45000010005000000080041000050820022000461000032000682450054001002600025001544186241024s9999 xx 000 0 und d aRD/919/T853g/2012 aBolívar Tronocoso Morales 0aGeografía del turismo en República Dominicana bEditora Búhoc2012